000 00718nam0a2200253 4500
001 RU\NLR\b_ik\182765
005 20250616230816.0
010 _a978-5-98604-174-2
_950
035 _a(NLR Aleph) 002255299
090 _a3744568
_c3744568
100 _a20100316d2009 |||y0rusy50 ca
101 0 _aeng
102 _aRU
105 _aa |||||||||
200 1 _aBlack square
_ealphabet poems
_fby Vladimir Azarov
_gimage-collages by Jon Apgar
210 _aMoscow
_cProbel-2000
_d2009
215 _a158, [4] c.
_cил.
_d20
686 2 _aШ6(2=Р)67англ.
700 1 _aAzarov
_bV.
_gVladimir
_4070
801 0 _aRU
_bNLR
_c20100316
_gRCR
942 _cBOOK
980 _aNB